Statistics for World Cup Winners

Click here to take the quiz!

General Stats

  • This quiz has been taken 28 times
  • The average score is 20 of 21

Answer Stats

YearWinners% Correct
1978Argentina
100%
1986Argentina
100%
1970Brazil
100%
2002Brazil
100%
1994Brazil
100%
1958Brazil
100%
1962Brazil
100%
1998France
100%
2018France
100%
2014Germany
100%
1934Italy
100%
1982Italy
100%
1938Italy
100%
2006Italy
100%
2010Spain
100%
1950Uruguay
100%
1930Uruguay
100%
1966England
93%
1974West Germany
82%
1990West Germany
82%
1954West Germany
82%

Score Distribution

Percentile by Number Answered

Percent of People with Each Score

Your Score History

You have not taken this quiz